Statistics for Introduction to Motion Physics Quiz #2

Click here to take the quiz!

General Stats

  • This quiz has been taken 655 times
  • The average score is 9 of 15

Answer Stats

HintAnswer% Correct
Energy associated with movementKinetic Energy
90%
Stored EnergyPotential Energy
89%
Measure of how heavy you areMass
82%
Energy and the above answer are measured in __________Joules (J)
75%
Speed is to scalar as Velocity is to __________Vector
73%
Measure of change in energy (force times distance)Work
67%
Energy present in objects that are in a position from which they could fall as a result of the force of gravityGravitational Potential Energy
66%
The force applied to an object by the Earth due to gravitational attractionWeight
63%
Negative AccelerationDeceleration
62%
How useful a system as an energy converter is [(Useful energy output over energy input) times 100%]Efficiency
57%
Property that makes objects resist changes in their motionInertia
53%
Energy stored within the nucleus of all atomsNuclear Energy
49%
Energy present in objects or groups of objects in which positively and negatively charged particles are separated ; also present when the charges are brought togetherElectrical Potential Energy
32%
Energy can never be created nor destroyed - only transferred and storedLaw of Conservation of Energy
29%
Energy present in all substances as a result of the electrical forces that hold atoms together ; A form of the above type of energyChemical Potential Energy
26%

Score Distribution

Percentile by Number Answered

Percent of People with Each Score

Your Score History

You have not taken this quiz